000 00629nam a2200181Ia 4500
003 GCL
008 140319s9999 xx 000 0 ara d
040 _aGCL /
_cGCL
082 0 4 _a813.083
_bا م
100 1 _aالسيد عبدالحافظ عبدربه
245 1 0 _aمطلع الفجر (هدية من الاديب عبدالفتاح الجمل) /
_cالسيد عبدالحافظ عبدربه
300 _a384 ص
490 _aالهيئة العامة للاستعلامات
_v0
650 0 4 _aالادب العربى
650 0 4 _aالقصص العربية
650 0 4 _aالقصص الاجتماعية
942 _2ddc
_cBK
999 _c47439
_d47439